Principesse azzurre crescono : racconti d'amore e di vita di donne tra donne /
Сохранить в:
| Другие авторы: | , , , , , , , , , , , , , , , , , , , , , , , , , |
|---|---|
| Формат: | |
| Язык: | итальянский |
| Опубликовано: |
Milano :
Oscar Mondadori,
2006
|
| Серии: | Piccola biblioteca Oscar ;
482 |
| Предметы: | |
| Метки: |
Нет меток, Требуется 1-ая метка записи!
|
MARC
| LEADER | 00000nam a2200000 i 4500 | ||
|---|---|---|---|
| 001 | IT\ICCU\RAV\1446033 | ||
| 003 | ItRI | ||
| 005 | 20260219203634.0 | ||
| 008 | 060613s2006 it |||||| ||||| |||||c | ||
| 015 | |2 IT |a 2006-12751 | ||
| 020 | |a 8804555750 | ||
| 040 | |b ita |c ct | ||
| 041 | 7 | |a ita |2 ISO-639-2 | |
| 082 | |a 853.914080353 |2 21 | ||
| 245 | 0 | 0 | |a Principesse azzurre crescono : |b racconti d'amore e di vita di donne tra donne / |c a cura di Delia Vaccarello. |
| 260 | |a Milano : |b Oscar Mondadori, |c 2006 | ||
| 300 | |a 318 p. : |b ill. ; |c 18 cm. | ||
| 650 | 7 | |a Omosessualità nella letteratura narrativa italiana |x Sec. 21. |x Antologie |2 scbi | |
| 700 | 1 | |a Vaccarello, Delia |0 IT\ICCU\RAVV\068683 | |
| 700 | |a Giacobino, Margherita | ||
| 700 | |a Fiocchetto, Rosanna | ||
| 700 | |a Civitelli, Cinzia | ||
| 700 | |a Clarkson, Giulia | ||
| 700 | |a Costa, Lella | ||
| 700 | |a de' Pasquali, Marc | ||
| 700 | |a De Sanctis, Rita | ||
| 700 | |a Futura, Rosa | ||
| 700 | |a Iceblues | ||
| 700 | |a Laddor, A.S. | ||
| 700 | |a Mai, Juliette | ||
| 700 | |a Miramonti, Carla | ||
| 700 | |a Naticantìca, Nuccia | ||
| 700 | |a Nusselein, Felicitas | ||
| 700 | |a Paolucci, Anna | ||
| 700 | |a Patanìa, Sonia | ||
| 700 | |a Ravera, Lidia | ||
| 700 | |a Sakuya | ||
| 700 | |a Serughetti, Giulia | ||
| 700 | |a Seton, Veronica | ||
| 700 | |a Trillino, Carmina | ||
| 700 | |a Vicari, Antonella | ||
| 700 | |a Viganò, Valeria | ||
| 700 | |a Zanghi, Sara | ||
| 700 | |a Alberti, Barbara | ||
| 830 | 0 | |a Piccola biblioteca Oscar ; |v 482 |0 IT\ICCU\PAL\0111548 | |
| 942 | |2 ddc |c BK | ||
| 952 | |0 0 |1 0 |2 ddc |4 0 |6 B_LNR05VACDEPRI21 |7 0 |9 8763 |a MI |b MI |d 2006-06-05 |i 5179 |l 0 |o B-LNR05-VACDE-PRI21 |p CDOM5179 |r 2025-07-17 21:50:35 |w 2025-07-17 |x ACQUISTO |y BK | ||
| 952 | |0 0 |1 0 |2 ddc |4 0 |6 853_914080353000000_ALB_PRI |7 0 |9 10002 |a GE |b GE |d 2025-12-02 |l 0 |o 853.914080353 ALB PRI |p 2053 |r 2025-12-02 15:27:45 |w 2025-12-02 |y BK |z Donazione di Toschi Barbara | ||
| 952 | |0 0 |1 0 |4 0 |6 L_853_920000000000000_VAC |7 0 |9 14692 |a BO |b BO |d 2026-01-15 |i 10373 |l 0 |o L 853.920 VAC |p BO10373 |r 2026-01-15 23:18:51 |w 2026-01-15 |x [Sebina 5] [1 v.] |y BK |z 1 v. | ||
| 999 | |c 7873 |d 7873 | ||